Estadísticas para Países con Osos Pardos

Haz click aquí para tomar la prueba!

Estadísticas generales

  • Esta prueba ha sido tomada 28 veces
  • La puntuación promedio es 42 de 48

Estadísticas de respuestas

PaísesSubespecies% Correcto
EspañaU. arctos arctos
100%
ItaliaU. arctos arctos
100%
FranciaU. arctos arctos
100%
RusiaU. arctos arctos, U. arctos beringianus, U. arctos collaris, U. arctos lasiotus
100%
NoruegaU. arctos arctos
100%
FinlandiaU. arctos arctos
96%
SueciaU. arctos arctos
96%
RumaníaU. arctos arctos
96%
CanadáU. arctos horribilis
96%
EslovaquiaU. arctos arctos
96%
UzbekistánU. arctos isabellinus
92%
KazajistánU. arctos arctos, U. arctos isabellinus, U. arctos collaris
92%
EstoniaU. arctos arctos
92%
LetoniaU. arctos arctos
92%
PakistánU. arctos isabellinus, U. arctos syriacus
92%
EsloveniaU. arctos arctos
92%
AustriaU. arctos arctos
92%
SuizaU. arctos arctos
92%
IndiaU. arctos isabellinus
92%
AlbaniaU. arctos arctos
88%
PoloniaU. arctos arctos
88%
SerbiaU. arctos arctos
88%
UcraniaU. arctos arctos
88%
AfganistánU. arctos isabellinus
88%
Estados Unidos U. arctos horribilis, U. arctos middendorffi, U. arctos sitkensis
88%
AzerbaiyánU. arctos syriacus
88%
CroaciaU. arctos arctos
88%
GreciaU. arctos arctos
88%
ChinaU. arctos isabellinus, U. arctos collaris, U. arctos lasiotus
88%
ArmeniaU. arctos syriacus
88%
IránU. arctos syriacus
83%
JapónU. arctos lasiotus
83%
GeorgiaU. arctos syriacus
83%
KirguistánU. arctos isabellinus
83%
MongoliaU. arctos collaris
83%
TayikistánU. arctos isabellinus
83%
NepalU. arctos isabellinus
83%
BulgariaU. arctos arctos
83%
TurquíaU. arctos arctos, U. arctos syriacus
79%
TurkmenistánU. arctos syriacus
79%
IrakU. arctos syriacus
79%
Corea del NorteU. arctos lasiotus
79%
Bosnia y HerzegovinaU. arctos arctos
79%
ButánU. arctos isabellinus
75%
KosovoU. arctos arctos
75%
AndorraU. arctos arctos
75%
MontenegroU. arctos arctos
71%
República de MacedoniaU. arctos arctos
63%

Distribución de puntuación

Porcentaje por número respondido

Porcentaje de gente con cada puntuación

Historial de tus puntuaciones

No has tomado esta prueba